Guía ilustrada de los macroinvertebrados acuáticos del río Bahamón (Registro nro. 6299)

Detalles MARC
000 -CABECERA
Campo de control 01532nam a2200253 a 4500
005 - FECHA Y HORA DE LA ULTIMA TRANSACCION
Campo de control 20180803165345.0
008 - ELEMENTOS DE LONGITUD FIJA—INFORMACION GENERAL
Campo de control 140130b2007 ck ||||| |||| 00| 0 spa d
020 ## - ISBN
ISBN 9789588343105
040 ## - FUENTE DE CATALOGACIÓN
Agencia catalogadora original CO-BoIAVH
Agencia transcriptora CO-BoIAVH
041 ## - IDIOMA
Código de idioma para texto/pista de sonido o título separado Español
044 ## - PAÍS DE PUBLICACIÓN
País de publicación Colombia
082 ## - NUMERO DE CLASIFICACION DECIMAL DEWEY
Número de clasificación 363.7394
Número del ítem H91g
100 ## - ASIENTO PRINCIPAL--NOMBRE PERSONAL
Nombre personal Liévano León, Arturo
9 (RLIN) 5978
245 ## - MENCION DE TITULO
Título Guía ilustrada de los macroinvertebrados acuáticos del río Bahamón
260 ## - PUBLICACION, DISTRIBUCION, ETC. (PIE DE IMPRENTA)
Lugar de publicación, distribución, etc. Bogotá
Nombre del editor, distribuidor, etc. Universidad El Bosque
-- Instituto Alexander von Humboldt
Fecha de publicación, distribución, etc. 2007
300 ## - DESCRIPCION FISICA
Extensión 130 p.
520 ## - NOTA DE RESUMEN, ETC.
Nota de resumen Esta guía es el resultado del trabajo conjunto de varias personas e instituciones alrededor del objetivo común que busca el mejoramiento ambiental y las condiciones de salud de los habitantes de esta región de Cundinamarca. Es un aporte al conocimiento de la fauna de los macroinvertebrados acuáticos en esta región del país, pues es una herramienta para la evaluación ambiental de la cuenca del río Bahamón, la cual puede ser utilizada por las comunidades de la zona, especialmente estudiantes de los colegios y escuelas de municipios adyacentes. Esta guía es sin duda un apoyo para el desarrollo de talleres de cpacitación para la identificación y el uso de los macroinvertebrados acuáticos que permitan la valoración ambiental de los ríos y quebradas de la región
650 ## - ASIENTO SECUNDARIO DE MATERIA - TERMINO TEMATICO
Término temático o nombre geográfico como elemento de entrada Macroinvertebrados
9 (RLIN) 87814
650 ## - ASIENTO SECUNDARIO DE MATERIA - TERMINO TEMATICO
Término temático o nombre geográfico como elemento de entrada Calidad del agua
9 (RLIN) 92495
650 ## - ASIENTO SECUNDARIO DE MATERIA - TERMINO TEMATICO
Término temático o nombre geográfico como elemento de entrada Indicadores
9 (RLIN) 87816
700 ## - ASIENTO SECUNDARIO - NOMBRE PERSONAL
Nombre personal Ospina Torres, Rodulfo
9 (RLIN) 5980
942 ## - ELEMENTOS ADICIONALES (KOHA)
Tipo de ítem Impreso
Sistema de clasificación Local
Koha issues (borrowed), all copies 1
945 ## - PROCESAMIENTO LOCAL
AAAA-MM-DD - Fecha de ingreso o modificacion 2007-12-28
Existencias
Withdrawn status Lost status Sistema de Clasificación Damaged status No para préstamo Colección Ubicación Permanente Ubicación actual Fecha de adquisición Total Checkouts Número topográfico Inventario / Código de Barras Date last seen Ejemplar Price effective from Tipo de material Inventariado Fuente de Valor Valor Forma de adquisición Date checked out
    Dewey Decimal Classification     Humboldt Bogotá Bogotá 28/12/2007   IAVH-363.7394 H91g 025842 04/12/2012 Ej. 3 04/12/2012 Libro Inventariado 2017 Instituto 39000.00 Institucional  
    Dewey Decimal Classification     Humboldt Bogotá Bogotá 28/12/2007 1 IAVH- 363.7394 H91g 025843 27/07/2016 Ej. 4 04/12/2012 Libro Inventariado 2017 Instituto 39000.00 Institucional 07/04/2016
    Local     Humboldt Bogotá Bogotá 09/07/2013   IAVH 363.7394 028448 09/07/2013 Ej. 5 09/07/2013 Libro Inventariado 2017 Instituto 39000.00 Institucional  
    Local     Humboldt Villa de Leyva Villa de Leyva 28/12/2007   IAVH-01124 025622 04/12/2012 Ej. 1 04/12/2012 Libro          
    Local     Humboldt Villa de Leyva Villa de Leyva 22/04/2008   IAVH-01124 025841 04/12/2012 Ej. 2 04/12/2012 Libro Inventariado 2017 Instituto 39000.00 Institucional